Southville International School and Colleges
Your cart is empty.
  • Cart
  • Lists
    Public lists Eva Luna New books Lux_list list_1
    Your lists Log in to create your own lists
  • Log in to your account
  • Your cookies
  • Search history
Southville International School and Colleges
  • Advanced search
  • Recent comments
  • Most popular
  • Libraries

Log in to your account

Log in with GOOGLE


If you do not have an external account, but do have a local account, you can still log in:

  1. Home
  2. MARC view: Confident public speaking /
Normal view MARC view ISBD view

Confident public speaking / (Record no. 21216)

[ view plain ]
MARC details
000 -LEADER
fixed length control field 00536nam a2200193 a 4500
005 - DATE AND TIME OF LATEST TRANSACTION
control field 20140310183313.0
008 - FIXED-LENGTH DATA ELEMENTS--GENERAL INFORMATION
fixed length control field 051010s19uu xx 00 eng d
020 ## - INTERNATIONAL STANDARD BOOK NUMBER
International Standard Book Number 0534551920
050 ## - LIBRARY OF CONGRESS CALL NUMBER
Classification number PN 4129.15
Item number .Se45 2005
100 ## - MAIN ENTRY--PERSONAL NAME
Personal name Sellnow, Deanna
245 ## - TITLE STATEMENT
Title Confident public speaking /
Statement of responsibility, etc Deanna D. Sellnow.
250 ## - EDITION STATEMENT
Edition statement 2nd ed.
260 ## - PUBLICATION, DISTRIBUTION, ETC. (IMPRINT)
Place of publication, distribution, etc Belmont, CA :
Name of publisher, distributor, etc Thomson Wadsworth,
Date of publication, distribution, etc 2005.
300 ## - PHYSICAL DESCRIPTION
Extent xxiv, 461 p. :
Other physical details col. ill. ;
Dimensions 25 cm.
521 ## - TARGET AUDIENCE NOTE
Target audience note
650 ## - SUBJECT ADDED ENTRY--TOPICAL TERM
Topical term or geographic name as entry element Public speaking.
942 ## - ADDED ENTRY ELEMENTS (KOHA)
Koha item type Books
Source of classification or shelving scheme Library of Congress Classification
Call number prefix Foreign
Holdings
Withdrawn status Lost status Source of classification or shelving scheme Damaged status Home library Current library Shelving location Date acquired Total Checkouts Total Renewals Full call number Barcode Date last seen Date checked out Copy number Price effective from Koha item type
    Library of Congress Classification   College Library College Library General Circulation Section 10/10/2005 1 6 PN 4129.15 .Se45 2005 C6305 05/15/2018 08/03/2016 1 03/10/2014 Books

Confident public speaking /

APA

Sellnow D., . (2005). Confident public speaking. Belmont, CA: Thomson Wadsworth.

Chicago

Sellnow Deanna, . 2005. Confident public speaking. Belmont, CA: Thomson Wadsworth.

Harvard

Sellnow D., . (2005). Confident public speaking. Belmont, CA: Thomson Wadsworth.

MLA

Sellnow Deanna, . Confident public speaking. Belmont, CA: Thomson Wadsworth. 2005.

  • Place hold
  • Print
  • Cite
  • Add to your cart (remove)
  • Save record
    BIBTEX Dublin Core MARCXML MARC (non-Unicode/MARC-8) MARC (Unicode/UTF-8) MARC (Unicode/UTF-8, Standard) MODS (XML) RIS
  • More searches
    Search for this title in:
    Other Libraries (WorldCat) Other Databases (Google Scholar) Online Stores (Bookfinder.com) Open Library (openlibrary.org)

Exporting to Dublin Core...

SOUTHVILLE LIBRARY

Southville International School and Colleges Library

1281 Tropical Ave. Cor. Luxembourg St., BF Homes International, Las Pinas City

Tel. No. 8256374 / 252358 Loc. 117/146

Powered by Koha